Parties that held the US presidency - Statistics

General Stats
  • This quiz has been taken 90 times
  • The average score is 5 of 7
Answer Stats
Party First and latest president % Correct
Democratic Party Andrew Jackson and Joe Biden
100%
Republican Party Abraham Lincoln and Donald Trump
99%
Whig Party William Henry Harrison and Millard Fillmore
89%
Federalist Party John Adams (only)
84%
Democratic-Republican Party Thomas Jefferson and John Quincy Adams
59%
National Union Party Abraham Lincoln and Andrew Johnson
33%
National Republican Party John Quincy Adams (only)
26%
No matching quizzes found
Score Distribution
Percent of People with Each Score
Percentile by Number Answered
Your Score History
You have not taken this quiz